| 000 | 00374 a2200157 4500 | ||
|---|---|---|---|
| 001 | 150674 | ||
| 040 | _cEscola São Tomás de Aquino | ||
| 100 | _aANDRADE, Telma Guimarães Castro | ||
| 240 | 1 | 0 |
_aObrigado, querido Deus! _lpor |
| 245 | 1 | 0 | _aObrigado, querido Deus! |
| 300 | _a47 | ||
| 362 | 0 | _a2001 | |
| 440 | 1 | _aSaraiva | |
| 697 | _a*LITERATURA JUVENIL | ||
| 942 | _cBK | ||
| 999 |
_c150674 _d150674 |
||